| 000 | 00883nam a22002537a 4500 | ||
|---|---|---|---|
| 005 | 20150923110859.0 | ||
| 010 | _aENG-113677 | ||
| 020 |
_a9788178359892 _c990.00 |
||
| 035 | _aEN-97209 | ||
| 037 | _bDBAD/PUB | ||
| 082 | _a338.040954 | ||
| 100 | _aTabe, Noboru | ||
| 245 |
_aEntrepreneurship development in India : _cby Noboru Tabe [and] Somu Giriappa _bemergence from local to global business leadership / |
||
| 260 |
_aDelhi _bKalpaz Publications _c2013 |
||
| 270 |
_aC-30, Satyawati Nagar _bDelhi _e110052 |
||
| 300 |
_a333p. _c23cm(Hb) |
||
| 500 | _aIncludes bibliographical references and index | ||
| 650 |
_aEnterpreneurship _zIndia |
||
| 650 |
_aBusiness Enterprises _zIndia |
||
| 650 |
_aTechnological Innovations _xEconomic aspects _zIndia |
||
| 650 |
_aIndustrial Policy _zIndia |
||
| 700 | _aGiriappa, Somu | ||
| 942 |
_2ddc _cEN _mTAB _h338.040954 |
||
| 999 |
_c95272 _d95272 |
||